|
|
|
|
| LEADER |
00000nam0a2200000 4500 |
| 001 |
196224 |
| 005 |
20231101224658.0 |
| 010 |
|
|
|a 9785917030241
|
| 035 |
|
|
|a (RuTPU)RU\TPU\book\214069
|
| 090 |
|
|
|a 196224
|
| 100 |
|
|
|a 20110520d2012 k y0rusy50 ca
|
| 101 |
0 |
|
|a rus
|
| 102 |
|
|
|a RU
|
| 105 |
|
|
|a a z 001zy
|
| 200 |
1 |
|
|a Структура и свойства наполненного ПВХ
|f В. В. Гузеев
|
| 210 |
|
|
|a СПб.
|c Научные основы и технологии
|d 2012
|
| 215 |
|
|
|a 278 с.
|c ил.
|
| 320 |
|
|
|a Библиография в конце глав.
|
| 330 |
|
|
|a Книга обобщает работы автора, отечественных и западных специалистов в области структуры, механических свойств, термодинамики, реологии расплавов, разработки композиций от жестких ударопрочных до пластифицированных, включая пластизоли. Слово «наполнитель» в книге предлагается трактовать, как любой компонент в матрице ПВХ, имеющий границу раздела с последней, включая твердые наполнители, в том числе наноразмерные, а также эластомеры. Свойства композиций ПВХ рассматриваются не в отрыве от свойств других наполненных полимеров, а сравниваются с ними, что позволяет показать общие закономерности и отличия композиций ПВХ от других полимерных материалов. Издание предназначено для технологов и специалистов, специализирующихся в области синтеза, исследования свойств, модификации и переработки ПВХ.
|
| 606 |
1 |
|
|a Поливинилхлорид
|2 stltpush
|3 (RuTPU)RU\TPU\subj\50156
|9 68899
|
| 610 |
1 |
|
|a наполненные полимеры
|
| 610 |
1 |
|
|a ПВХ
|
| 610 |
1 |
|
|a структурообразование
|
| 610 |
1 |
|
|a механические свойства
|
| 610 |
1 |
|
|a межфазное взаимодействие
|
| 610 |
1 |
|
|a термодинамика
|
| 610 |
1 |
|
|a композиции
|
| 610 |
1 |
|
|a расплавы
|
| 610 |
1 |
|
|a реология
|
| 610 |
1 |
|
|a переработка
|
| 610 |
1 |
|
|a добавки
|
| 610 |
1 |
|
|a эксплуатационные свойства
|
| 610 |
1 |
|
|a пластизоли
|
| 675 |
|
|
|a 678.743.2
|v 3
|
| 700 |
|
1 |
|a Гузеев
|b В. В.
|g Валентин Васильевич
|
| 801 |
|
1 |
|a RU
|b 63413507
|c 20110520
|
| 801 |
|
2 |
|a RU
|b 63413507
|c 20120525
|g RCR
|
| 900 |
|
|
|a Химическая технология полимеров
|
| 942 |
|
|
|c BK
|
| 959 |
|
|
|a 53/20110520
|d 1
|e 0,00
|f ЧЗТЛ:1
|
| 959 |
|
|
|a 36/20120301
|d 1
|e 900,00
|f ЧЗТЛ:1
|